| 000 | 00893nam a22002777a 4500 | ||
|---|---|---|---|
| 001 | 5070 | ||
| 003 | FISKH | ||
| 005 | 20241203113303.0 | ||
| 008 | 241104b cb ||||| |||| 00| 0 eng d | ||
| 020 | _a9781407111896 | ||
| 040 |
_aFISKH _beng _cFISKH _dFISKH |
||
| 082 | _a940 | ||
| 100 | _aMacDonald, Alan | ||
| 245 |
_aCromewell and his not-so Civil War / _cby Alan MacDonald |
||
| 260 |
_aNew York : _bScholastic ; _c2000 . |
||
| 300 |
_a176 pages : _billustrator ; _c21 cm . |
||
| 490 | _aHorribly Famous | ||
| 505 | _aZ | ||
| 520 | _aThe fascinating story of Oliver Cromwell warts and all. How the Roundheads ousted the Royals Illustrated with PhilipReeve s fantastic cartoons. | ||
| 521 | 8 |
_a910
_bLexile |
|
| 521 | 8 |
_aZ
_bRaz-Plus |
|
| 650 |
_aEnglish History _vnon-fiction |
||
| 700 |
_aReeve, Philip _eillustrator |
||
| 942 |
_2ddc _cBK _n0 |
||
| 999 |
_c5070 _d5070 |
||